000 00983cam a2200265 a 4500
001 15550117
005 20180223073346.0
008 081209s2010 njua b 001 0 eng
010 _a 2008052702
020 _a9780135001707 (alk. paper)
020 _a0135001706 (alk. paper)
035 _a(OCoLC)ocn268789048
040 _aDLC
_cDLC
_dBTCTA
_dYDXCP
_dC#P
_dBWX
_dCDX
_dDLC
041 _aeng
043 _an-us---
080 _a371.9046
082 0 0 _a371.9046 MAS
_222
100 1 _a25
101 _aEDU
245 1 4 _aThe inclusive classroom :
_cMargo A. Mastropieri, Thomas E. Scruggs.
504 _aIncludes bibliographical references (p. 417-442) and indexes.
906 _a7
_bcbc
_corignew
_d1
_eecip
_f20
_gy-gencatlg
942 _2ddc
_cBK
999 _c43263
_d43263